Normal view
MARC view
- Massy, Charles Francis.
Entry Personal Name
001 - CONTROL NUMBER
- control field: 12604
003 - CONTROL NUMBER IDENTIFIER
- control field: NUST
005 - DATE AND TIME OF LATEST TRANSACTION
- control field: 20181121062553.0
008 - FIXED-LENGTH DATA ELEMENTS
- fixed length control field: 181121|| aca||aabn | a|a d
040 ## - CATALOGING SOURCE
- Original cataloging agency: NUST
- Transcribing agency: NUST
100 ## - HEADING--PERSONAL NAME
- Personal name: Massy, Charles Francis.
670 ## - SOURCE DATA FOUND
- Source citation: Work cat.: (NUST)0: Griffin, Lepel Henry, 1840-1908. 12602, The Punjab chiefs., 1890.
